000
00343nam a2200145Ia 4500
005
20240604021456.0
008
240331s9999 xx 000 0 und d
082
_b
GIR
_a
362
100
_a
Ridder,G. ed
245
0
_a
Girls fight back
260
_a
New Delhi
_b
Jagori Women's Centre
_c
2003
300
_a
47 p.,
650
_a
Feminism
942
_c
L
999
_c
2912
_d
2912